000 00349nam a2200133Ia 4500
008 240624s9999 xx 000 0 und d
041 _aeng
082 _a658.312404 KAM
100 _aKAMP DI
245 _aEXCELLENT TRAINER PUTTING NLP TO WORK
260 _c2001
_aMumbai
_bJaico Publishing House
300 _axiii, : 203 : p. : cm. ; 24
365 _cRS
999 _c756
_d756